Az 1848/49-es Szabadságharc honvédsége
Elmentve itt :
| Szerző: | |
|---|---|
| Dokumentumtípus: | Cikk |
| Megjelent: |
1947
|
| Sorozat: | Honvéd : katonai folyóirat
2 No. 3 |
| Kulcsszavak: | Szabadságharc Magyarország 1848-1849 |
| Online Access: | http://misc.bibl.u-szeged.hu/6674 |
| LEADER | 00595nab a2200169 i 4500 | ||
|---|---|---|---|
| 001 | misc6674 | ||
| 005 | 20191106141816.0 | ||
| 008 | 170607s1947 hu o 0|| hun d | ||
| 040 | |a SZTE Miscellanea Repozitórium |b hun | ||
| 041 | |a hun | ||
| 100 | 1 | |a Dezsényi Miklós | |
| 245 | 1 | 3 | |a Az 1848/49-es Szabadságharc honvédsége |h [elektronikus dokumentum] / |c Dezsényi Miklós |
| 260 | |c 1947 | ||
| 300 | |a 32-38 | ||
| 490 | 0 | |a Honvéd : katonai folyóirat |v 2 No. 3 | |
| 695 | |a Szabadságharc Magyarország 1848-1849 | ||
| 856 | 4 | 0 | |u http://misc.bibl.u-szeged.hu/6674/1/honved_002_003_032-038.pdf |z Dokumentum-elérés |